| 000 | 00521nam a2200193 a 4500 | ||
|---|---|---|---|
| 001 | 1770284920337 | ||
| 003 | YourLibrary | ||
| 005 | 20260205152337.0 | ||
| 008 | 260205s1991##################000#0#eng## | ||
| 020 | _a9780521407762 | ||
| 082 | 0 | 4 |
_a332.6 _bBRU |
| 100 | 1 |
_aBruyn, Severyn T., _eauthor. |
|
| 245 | 1 | 0 | _aThe Field of Social Investment : |
| 260 |
_bCambridge University Press, _c1991. |
||
| 300 | _a324 pages | ||
| 650 | 0 | _aPolitical Science. | |
| 942 | _cENGLISH | ||
| 040 |
_aYourLibrary _beng _cYourLibrary |
||
| 999 |
_c610364 _d610364 |
||